000 02129nam a2200577 4500
001 21224
003 VRT
005 20260224162110.0
008 200316s2018 xo g 000 0 slo
015 _aSNBA2018/10
020 _a9788022020541
_q(viazané)
035 _aurn:nbn:sk:snk-am00di2r
035 _aurn:nbn:sk:snk-am3i30a
035 _aA631E688-F3B9-4D0D-B5B0-825014DBCFD0
039 9 _a202003161001
_bVLOAD
_c201810171122
_dAUTHORITY
_c201810160901
_dmaubb02
_c201810101335
_dmaubb02
040 _aSVKBB
_bslo
_cSVKBB
_dSNK
_erda
041 1 _aslo
_hita
044 _axo
_cSK
072 7 _a821.131.1-3
_xTalianska próza
_2konspekt
072 7 _a929
_xBiografie
_2konspekt
080 _a75.071.1
_22011
080 _a929
_22011
080 _a75(450)
_22011
080 _a821.131.1-31
_22011
080 _a(0:82-312.6)
_22011
100 1 _aCristofanelli, Rolando,
_d1916-
_4aut
240 1 3 _aIl ragazzo Raffaello
_lSlovensky
245 1 0 _aRaffael
_cRolando Cristofanelli ; z talianskeho originálu Il ragazzo Raffaello ... preložila Miroslava Vallová
264 1 _aBratislava
_bSlovenský spisovateľ, a.s.
_c2018
300 _a336 strán
_c21 cm
336 _atext
_btxt
_2rdacontent
337 _abez média
_bn
_2rdamedia
338 _azväzok
_bnc
_2rdacarrier
600 0 7 _aRaffael,
_d1483-1520
_2SNKMA
650 0 7 _amaliari
_2SNKPH
650 0 7 _atalianske maliarstvo
_2SNKPH
650 0 7 _aPainters
_2SNKPHeng
650 0 7 _aItalian painting
_2SNKPHeng
655 7 _atalianske romány
_2SNKPH
655 7 _aItalian fiction
_2SNKPHeng
655 7 _abiografické romány
_2SNKPH
655 7 _aBiographical novels
_2SNKPHeng
700 1 _aVallová, Miroslava,
_d1952-
_4trl
942 _2ddc
_cKLDO
_n0
949 _617A1336688
_asnkSC 180931 D1
_bsnk2018/19441
_o1522/18
949 _6369701000022581
_aaubbV 13949
_baubbV13949
_pVecný P-R
_qVecný P-R
949 _6270001000590255
_asvkbbA 154627
_bsvkbbm 777210
949 _617A1334410
_asnkSC 180931
_bsnk2018/16404
_o1522/18
_s6100:20181010
949 _62889344354
_asavukS 161352
_bsavuk2018/4651
999 _c21224
_d21224